000 00611nam a2200181 i 4500
001 37658
003 ES-MaACL
005 20230906155623.0
007 t|
008 030221s1955 sp ||||1| spa d
100 1 _aBuytendijk, Frederik Jacobus Johannes.
_9171920
245 1 3 _aLa mujer
_b: naturaleza, apariencia, existencia /
_cF.J.J. Buytendijk ; traducción del alemán por Fernando Vela.
260 _aMadrid :
_bRevista de Occidente,
_c[1955] (
_fClavileño)
300 _a331 p. ;
_c22 cm.
650 0 0 _aMujeres-
_xPsicología.
_915309
700 1 _aVela, Fernando.
_9113674
852 _aES-MaACL
_jC-9956
999 _c37658
_d37658